| 000 | 00668nam a22002177a 4500 | ||
|---|---|---|---|
| 005 | 20251108175907.0 | ||
| 008 | 250721s2023 xx 000 0 ara d | ||
| 082 | 1 | 4 | _a811.009/شبي |
| 100 | 1 | _aابو شبيكه، شهيناز | |
| 245 | 1 | 0 | _aسيمائية الالوان في شعر الصعاليك / |
| 264 | 1 |
_aالقدس : _bالجندي، _c2023. |
|
| 300 | _a297ص. | ||
| 650 | 1 | 7 | _aالادب العربي |
| 650 | 1 | 7 | _aالنقد الادبي |
| 650 | 1 | 7 | _aالشعر العربي |
| 650 | 1 | 7 | _aالعصر الجاهلي |
| 650 | 1 | 7 | _aعصر صدر الاسلام |
| 650 | 1 | 7 | _aالشعراء العرب |
| 942 |
_2ddc _cBK |
||
| 999 |
_c144958 _d144958 |
||